| 000 | 00338nam a22001577a 4500 | ||
|---|---|---|---|
| 999 |
_c524547 _d524547 |
||
| 003 | NUST | ||
| 005 | 20190622122810.0 | ||
| 020 | _c(Hbk) | ||
| 038 | _aM.Shaban | ||
| 082 |
_a891.43092 _bSIN |
||
| 100 |
_aSingh, Rattan _915354 |
||
| 245 |
_aHadd Beeti / _cRattan Singh |
||
| 260 | _aJabalpur -: | ||
| 300 | _a90 p. ; | ||
| 942 |
_2ddc _cBK |
||